Estadísticas para Cultura General #14

Haz click aquí para intentar la prueba.

Estadísticas generales

  • Esta prueba ha sido intentada 398 veces
  • La puntuación promedio es 10 de 20

Estadísticas de respuestas

PreguntaRespuesta% Correcto
¿Cuál es el segundo idioma más común en los Estados Unidos?Español
96%
¿Qué palabra significa el estudio y la práctica de hacer mapas?Cartografía
83%
¿Qué antiguo texto hindú podría describirse como un manual de sexo?Kamasutra
81%
Según la Biblia, ¿en qué pueblo nació Jesús?Belén
79%
¿De qué país forma parte Tasmania?Australia
76%
¿De qué país forma parte Flandes?Bélgica
75%
¿Qué instrumento de cuerda orquestal común es más grande que una viola pero
más pequeño que un bajo?
Violonchelo
74%
¿Qué dios griego se consideraba igual al dios romano Júpiter?Zeus
69%
¿Qué distrito de la ciudad de Nueva York tiene una x en su nombre?Bronx
66%
¿De qué país procedían 15 de los secuestradores del 11 de septiembre?Arabia Saudí
45%
¿Qué país ha sido liderado por Benazir Bhutto y Pervez Musharraf?Pakistán
37%
¿Cuál es la ciudad más grande de Arizona?Phoenix
37%
¿Qué representan las letras NTP?No te Preocupes
30%
¿A qué modelo de autos se les llama cariñosamente "bichos"?Volkswagen Beetle
26%
¿Quién es "capaz de saltar edificios altos de un solo salto"?Superman
25%
¿Cómo se llama el perro de Dorothy en "El mago de Oz"?Totó
19%
¿Quién escribió la historia en la que se basa la película "The Shawshank Redemption"?Stephen King
16%
¿Durante qué festividad es tradicional comer Matzá?Pascua
10%
¿Qué deporte dio origen a términos de la jerga como "colgar suelto" y "tubular"?Surf
9%
¿Qué tipo de camello tiene dos jorobas?Bactriano
5%

Distribución de puntuación

Porcentaje por número respondido

Porcentaje de gente con cada puntuación

Historial de tus puntuaciones

No has intentado esta prueba.